000 00488nam a22001937a 4500
003 MPLRDC
005 20220104193018.0
008 210129b ||||| |||| 00| 0 eng d
020 _a978-983-2 59818-3
082 _a947.414 WDZ v.18 c.2
100 _a王德志
245 _a搞怪万岁
_c
250 _a一版一刷
260 _a马来西亚
_b平旦漫画出版社
_c2008
300 _b
490 _a平旦漫画. 18
650 _a漫画
942 _cBK
_o947.414 WDZ v.18 c.2
999 _c64989
_d64979